Povinnosti zamestnávateľa, ak zamestnáva zamestnancov

Pokračovanie témy z predchádzajúceho čísla. Povinnosti zamestnávateľa pri skončení pracovného pomeru zamestnanca.

Enregistré dans:
Détails bibliographiques
Auteur principal: Lipovská Lišková, Ľudmila
Format: Chapitre de livre
Langue:slovaque
Sujets:
Tags: Ajouter un tag
Pas de tags, Soyez le premier à ajouter un tag!

MARC

LEADER 00000naa a2200000 4500
001 0256873
005 20190704093832.1
041 0 |a slo 
044 |a SK 
245 1 0 |a Povinnosti zamestnávateľa, ak zamestnáva zamestnancov  |c Ľudmila Lipovská Lišková 
520 |a Pokračovanie témy z predchádzajúceho čísla. Povinnosti zamestnávateľa pri skončení pracovného pomeru zamestnanca. 
610 2 0 |a zamestnávatelia 
610 2 0 |a povinnosti zamestnávateľov 
610 2 0 |a zamestnanci 
610 2 0 |a skončenie pomeru pracovného 
610 2 0 |a poistenie sociálne 
610 2 0 |a poistenie zdravotné 
610 2 0 |a úrady daňové 
610 2 0 |a odstupné 
610 2 0 |a dovolenka 
610 2 0 |a údaje osobné 
100 1 |a Lipovská Lišková, Ľudmila